| 000 | 00676nam a2200193Ia 4500 | ||
|---|---|---|---|
| 003 | GCL | ||
| 008 | 140319s9999 xx 000 0 ara d | ||
| 040 |
_aGCL / _cGCL |
||
| 082 | 0 | 4 |
_a214.6 _bق ط |
| 100 | 1 | _aمحمد جمال احمد قبيعة | |
| 245 | 1 | 0 |
_aاساسيات استخدام مابكروسوفت اوفيس MICROSOET OFFICE 97 (ج1 , ج2 ) / _cمحمد جمال احمد قبيعة |
| 300 | _aمتعدد | ||
| 490 |
_aالهيئة العامة للاستعلامات _v0 |
||
| 650 | 0 | 4 | _aالحاسبات الالكترونية |
| 650 | 0 | 4 | _aالبرامج |
| 650 | 0 | 4 | _aمايكروسوفت |
| 650 | 0 | 4 | _aالبرامج الالية |
| 942 |
_2ddc _cBK |
||
| 999 |
_c52061 _d52061 |
||